000 00702nam a2200205Ia 4500
001 15370
003 GE_BSU
008 181216s||||||||xx |||||||||||||| ||und||
040 _cGE_BSU
080 _a821.353.1-1
100 _aლეონიძე,გიორგი
245 _aახლოს მოიწი სამშობლოს გულო
245 _cრედ.შალვა დემეტრაძე. მხატვ.შ.კუპრაშვილი
260 _aთბილისი
260 _bმერანი
260 _c1970
300 _a102გვ.15სმ.
653 _aახლოს მოიწი სამშობლოს გულო
942 _cBK
999 _c48476
_d48476